000 00679nam a2200289Ia 4500
005 20260324141221.0
008 008 260324s9999 xx 000 0 eng d
020 _a9780203350928
037 _aEBOOK
040 _aCRL
040 _beng
040 _cCRL
041 _2eng
041 _aeng
084 _qCRL
100 _aDavid Kotz; Fred Weir
_91182272
245 0 _aRevolution From Above
245 4 _bThe Demise of the Soviet System
260 _bTaylor and Francis
260 _c1997
365 _a
365 _b300
856 _uhttp://www.taylorfrancis.com/books/9780203350928
942 _cEBOOK
999 _c1810219
_d1810219